Travesía de los oficios: a propósito de la conjunción de la arquitectura, el diseño gráfico y la escultura
Shranjeno v:
| Glavni avtor: | |
|---|---|
| Format: | Knjiga |
| Jezik: | španščina |
| Izdano: |
Valparaíso
Universidad Católica de Valparaíso
2001
|
| Teme: | |
| Oznake: |
Označite
Brez oznak, prvi označite!
|
MARC
| LEADER | 00000nam a2200000 a 4500 | ||
|---|---|---|---|
| 001 | UCM8755 | ||
| 003 | CL-VaPUC | ||
| 008 | 030328e20010000CL |||||||||||||||||spa|d | ||
| 082 | 0 | 4 | |a 720.284 |b POZ |2 21 |
| 100 | 0 | |a Pozo C., Verónica |e author |9 474949 | |
| 245 | 1 | 0 | |a Travesía de los oficios: a propósito de la conjunción de la arquitectura, el diseño gráfico y la escultura |
| 300 | |a 75 h | ||
| 942 | |c BK | ||
| 945 | |d 20030328 00:00:00 |a rbrito | ||
| 260 | |a Valparaíso |b Universidad Católica de Valparaíso |c 2001 | ||
| 500 | |a Incluye CD | ||
| 650 | 0 | |a Dibujo arquitectónico |9 266673 | |
| 650 | 0 | |a Diseño gráfico |9 266874 | |
| 650 | 0 | |a Arquitectura |9 804558 | |
| 650 | 0 | |a Escultura |9 265737 | |
| 583 | |a last modification |c 20190927 16:43:21 |k Rodrigo Vera | ||
| 999 | |c 303193 |d 303191 | ||
| 952 | |0 0 |1 0 |4 0 |6 720_284000000000000_POZ_2001 |7 0 |8 X |9 364341 |a BIBARQ |b BIBARQ |d 2019-11-21 |i 3849511 |o 720.284 POZ 2001 |p 3849511 |r 2025-01-20 |w 2019-11-21 |y BK_X |k ARQ | ||
| 952 | |0 0 |1 0 |4 0 |6 720_284000000000000_POZ_2001 |7 0 |8 X |9 364342 |a BIBARQ |b BIBARQ |d 2019-11-21 |h cd |i 384952K |o 720.284 POZ 2001 |p 384952K |r 2025-01-20 |w 2019-11-21 |y BK_X |k ARQ | ||